[Event "Smith & Williamson YM-B 11th"]
[Site "Witley"]
[Date "2001.07.20"]
[Round "10"]
[White "Williams, Samuel G"]
[Black "Coupe, Marcus"]
[Result "1-0"]
[WhiteElo "1696"]
[BlackElo "1656"]
[PlyCount "65"]
[EventDate "2001.07.13"]
[EventType "swiss"]
[EventRounds "11"]
[EventCountry "ENG"]
[SourceTitle "EXT 2005"]
[Source "ChessBase"]
[SourceDate "2004.11.15"]
[SourceVersion "1"]
[SourceVersionDate "2004.11.15"]
[SourceQuality "1"]

1. e4 e6 2. d4 d5 3. Nd2 Nf6 4. e5 Nfd7 5. Bd3 c5 6. c3 Nc6 7. Ne2 cxd4 8. cxd4 Qb6 9. Nf3 Be7 10. 0-0 0-0 11. a3 f6 12. exf6 Bxf6 13. b4 a6 14. Qc2 h6 15. Be3 Qd8 16. Bh7+ Kf7 17. Nf4 Rh8 18. Bg6+ Ke7 19. Bh5 Nf8 20. Rfe1 g5 21. Qc5+ Kd7 22. Nd3 b6 23. Qc3 Bb7 24. Nde5+ Bxe5 25. Nxe5+ Nxe5 26. dxe5 Ke7 27. Qd4 Nd7 28. f4 Rg8 29. fxg5 hxg5 30. Qg4 Nxe5 31. Bxg5+ Kd6 32. Rxe5 Kxe5 33. Qf4# 1-0

[Event "Smith & Williamson YM-B 11th"]
[Site "Witley"]
[Date "2001.07.17"]
[Round "3"]
[White "Coupe, Marcus"]
[Black "Antal, Agnes"]
[Result "0-1"]
[WhiteElo "1656"]
[BlackElo "2043"]
[PlyCount "52"]
[EventDate "2001.07.13"]
[EventType "swiss"]
[EventRounds "11"]
[EventCountry "ENG"]
[SourceTitle "EXT 2005"]
[Source "ChessBase"]
[SourceDate "2004.11.15"]
[SourceVersion "1"]
[SourceVersionDate "2004.11.15"]
[SourceQuality "1"]

1. d4 d5 2. e3 Nf6 3. Bd3 Bg4 4. Ne2 e6 5. Nd2 c5 6. c3 Nc6 7. f3 Bh5 8. Nf4 Bg6 9. Nxg6 hxg6 10. f4 Qc7 11. 0-0 g5 12. g3 gxf4 13. gxf4 cxd4 14. cxd4 g5 15. Bb5 gxf4 16. Bxc6+ bxc6 17. exf4 Bd6 18. Nb3 0-0-0 19. Rf2 Rdg8+ 20. Kf1 Ng4 21. Rg2 Nxh2+ 22. Kg1 Rxg2+ 23. Kxg2 Bxf4 24. Qe2 Rg8+ 25. Kf2 Bxc1 26. Rxc1 Qg3# 0-1